| 000 | 00557nam a2200145Ia 4500 | ||
|---|---|---|---|
| 008 | 151213s9999 xx 000 0 und d | ||
| 100 | _aরনেশ দাশ গুপ্ত অ্ন্দদিত. | ||
| 245 |
_aফয়েজ । আহমদ। _cরনেশ দাশ গুপ্ত অ্ন্দদিত. |
||
| 260 |
_aঢাক্ _bাপ্রকাশ ভবন। _c1996 |
||
| 300 | _a8673 p. | ||
| 650 | _aBangla | ||
| 650 | _aকবিতা | ||
| 700 | _aরনেশ দাশ গুপ্ত অ্ন্দদিত. | ||
| 999 |
_c4459 _d4459 |
||